000 00356nam a2200133Ia 4500
005 20260326100046.0
008 260326s9999||||xx |||||||||||||| ||und||
100 _aWorringer, Wilehlm
245 0 _aLa esencia del Estilo Gótico /
_cWilehlm Worringer
260 _bEdiciones Nueva Visión
300 _a142 p.
650 _aARQUITECTURA GÓTICA
942 _cBK
999 _c7189
_d7189